| 000 | 02537nab a2200289 i 4500 | ||
|---|---|---|---|
| 003 | BR-BrBNA | ||
| 005 | 20241004145254.0 | ||
| 008 | 241004b2016 bl.mr|pooa||| 00| 0 eng | | ||
| 040 |
_aBR-BrBNA _beng |
||
| 072 | _aH10 | ||
| 100 | _aQuerino, Ranyse Barboa | ||
| 100 | _aSilva, Nadja Nara Pereira da | ||
| 100 | _aZucchi, Roberto Antonio | ||
| 245 | _aNatural parasitism by Trichogramma spp. in agroecosystems of the Mid-North, Brazil | ||
| 500 | _aPublicação on-line; 7 ref.; 2 tables; Sumaries (En, Pt) | ||
| 520 | _a ABSTRACT - The micro-hymenopterans of genus Trichogramma are eggs parasitoids used in the biological control of lepidopteran pests. The objectives of this study was to record the interaction of species of Trichogramma and their hosts on crops in the Mid-North, in the states of Maranhão and Piauí, Brazil. Lepidopteran eggs were sampled on crops and non-crops. Trichogramma atopovirilia, T. manicobai, T. galloi and T. pretiosum occur naturally in eggs of eight lepidopteran species. Natural parasitism shown by Trichogramma species reveals the importance of these parasitoids as agents for biological control in the Mid-North region. Key words: egg parasitoid, biological control, lepidopteran pests | ||
| 520 | _a RESUMO - Os micro-himenópteros do gênero Trichogramma são parasitoides de ovos utilizados no controle biológico de lepidópteros. Os objetivos deste estudo foram registrar as interações de espécies de Trichogramma e seus hospedeiros em culturas agrícolas do Meio-Norte, nos estados do Maranhão e Piauí. Foram amostrados ovos de lepidópteros em culturas agrícolas e plantas não cultivadas. Trichogramma atopovirilia, T. manicobai, T. galloi e T. pretiosum ocorreram naturalmente parasitando ovos de oito espécies de lepidópteros. O parasitismo natural evidencia a importância das espécies de Trichogramma como agente de controle biológico de pragas na região do Meio-Norte. Palavras-chave: parasitoides de ovos, controle biológico, lepidópteros-praga. | ||
| 650 | _aPRAGA DE PLANTA | ||
| 650 | _aTRICHOGRAMMA SP. | ||
| 650 | _aCONTROLE BIOLÓGICO | ||
| 650 | _aMARANHÃO | ||
| 650 | _aPIAUÍ | ||
| 773 | 0 |
_02408 _9314931 _dSanta Maria-RS Universidade Federal de Santa Maria - Centro de Ciências Rurais 1991 _o2024-1182 _tCiência Rural (Brazil) _x0103-8478 _gv. 46(9) p. 1521-1523; (2016) _wBR2024001751 |
|
| 856 | _uhttps://www.scielo.br/j/cr/a/HjMmvRNGFfLyrP8MThXTXBb/?format=pdf&lang=en | ||
| 942 | _cANA | ||
| 999 |
_c327933 _d327933 |
||